00457nam a2200133 i 4500001000300000100002400003245010000027260002100127040000800148041000800156080002000164008004100184856009800225bg1 aDROZDOWSKI, Józef 0aRysunek techniczny :bpodręcznik dla studentów I i II roku studiów /cJózef Drozdowski. aSzczecin,c1977. cBPK apol a744:621](075.8) s pl f |000 0 pol  uhttp://koha.tu.koszalin.pl/cgi-bin/koha/opac-detail.pl?biblionumber=17768yKatalog online BPK